• 首页
  • 本馆介绍
  • 公告通知
  • 最新文献
  • 馆藏检索
  • 电子资源
  • 读者导购
  • 参考咨询
  • 我的图书馆
  • 登录
  • 详细信息显示
  • 放入我的书架
  • 预约/预借图书
  • 作者相关作品
  • 分类相关作品
  • 丛书相关作品
  • 出版社相关作品

书目信息

  • 表格格式
  • 工作单格式
  • 卡片格式
题名:
做一个工人阶级知识分子
    
 
作者: ;中国青年出版社 编辑
分册:  
出版信息: 北京   中国青年出版社  1958
页数: 204页
开本: 22cm
丛书名: 青年共产主义者丛刊
单 册:
中图分类: D663.5
科图分类:
主题词: 革命知识分子--中国
电子资源:
ISBN: 3009.85
000 00765cam2 2200253 450
001 0105433938
005 20071026131623.0
010    @a3009.85@dCNY0.50
091    @a3009.85@dCNY0.50
100    @a19970528d1958 em y0chiy0110 ea
101 0  @achi
102    @aCN@b110000
105    @ay z 000yy
106    @ar
200 1  @a做一个工人阶级知识分子@9Zuo Yi Ge Gong Ren Jie Ji Zhi Shi;Zhi Fen Zi @f中国青年出版社编辑@b专著
210    @a北京@c中国青年出版社@d1958
215    @a204页@d22cm
225 2  @a青年共产主义者丛刊@h第五集
410  0 @12001 @a青年共产主义者丛刊
606 0  @a革命知识分子@y中国
690    @aD663.5@v3
711 02 @a中国青年出版社@9zhong guo qing nian chu ban she@4编辑
801  0 @aCN@bAiZhiMarc
905    @aBZT@dD663.5@e3@f1@sD663.5/3
    
    做一个工人阶级知识分子/中国青年出版社编辑.-北京:中国青年出版社,1958
    204页;22cm.-(青年共产主义者丛刊.第五集)
    
    
    ISBN 3009.85:CNY0.50
    
●
相关链接 在五车中查询图书 在当当中查询图书 在豆瓣中查询图书


正题名:做一个工人阶级知识分子     索取号:D663.5/3         预约/预借

序号 登录号 条形码 馆藏地/架位号 状态 备注
1 2000078889   2000078889   旧书回溯/ [索取号:D663.5/3] 在馆    
山东省滨州职业学院图书馆 欢迎您!
大连网信软件有限公司© 版权所有